Gelincik Diz/Damdaki Korkuluklar (Record no. 662943)

MARC details
000 -LEADER
sabit uzunluktaki kontrol alanı 00249nam a2200097Ia 4500
001 - KONTROL NUMARASI
kontrol alanı 662943
005 - EN SON İŞLEMİN TARİH VE ZAMANI
kontrol alanı 20250826160203.0
008 - SABİT-UZUNLUKTA VERİ ÖĞELERİ--GENEL BİLGİ
sabit uzunluktaki kontrol alanı 250824s9999 xx 000 0 und d
245 #0 - ESER / YAZAR
ESER ADI Gelincik Diz/Damdaki Korkuluklar
Yazar Adı Gülten Dayıoğlu
260 ## - YAYIN, DAĞITIM, VB.
YAYIN EVİ ALTIN
Holdings
Düşüm durumu Kayıp durumu Hasar Durumu Ödünç verilmez Ana kütüphane Geçerli Kütüphane Edinilen tarih Toplam ödünç verme sayısı Barkod Son görüntüleme tarihi Son ödünç verme tarihi Fiyatın geçerli olmaya başladığı tarih Koha materyal türü
        SIRAÇ AYDIN TAŞBAŞ İLKOKULU SIRAÇ AYDIN TAŞBAŞ İLKOKULU 24.08.2025 1 101376 12.03.2026 13.01.2026 26.08.2025 Books